[Event "Eschborn op"]
[Site "Eschborn"]
[Date "2019.08.16"]
[Round "1.34"]
[White "Richter Haebich, Dorothea"]
[Black "Kress, Hans Joachim"]
[Result "0-1"]
[WhiteElo "1237"]
[BlackElo "1735"]
[PlyCount "40"]
[EventDate "2019.08.16"]
[EventType "swiss"]
[EventRounds "5"]
[EventCountry "GER"]
[SourceTitle "EXT 2024"]
[Source "ChessBase"]
[SourceDate "2023.10.10"]
[SourceVersion "1"]
[SourceVersionDate "2023.10.10"]
[SourceQuality "1"]

1. d4 Nf6 2. c4 g6 3. Nf3 d6 4. e3 Bg7 5. Bd3 0-0 6. Nc3 Nc6 7. a3 e5 8. d5 Ne7 9. 0-0 Nd7 10. e4 Nc5 11. Bc2 f5 12. b4 fxe4 13. Bxe4 Nxe4 14. Nxe4 Bg4 15. Rb1 Bxf3 16. gxf3 h6 17. Be3 Nf5 18. Qd2 Nh4 19. Kh1 Nxf3 20. Qc1 Qh4 0-1

[Event "Oberursel Anderssen Memorial 1st"]
[Site "Oberursel"]
[Date "2018.09.05"]
[Round "5"]
[White "Richter Haebich, Dorothea"]
[Black "Luebbers, Doris"]
[Result "1-0"]
[WhiteElo "1311"]
[BlackElo "1515"]
[PlyCount "99"]
[EventDate "2018.09.01"]
[EventType "swiss"]
[EventRounds "7"]
[EventCountry "GER"]
[SourceTitle "CBM 186 Extra"]
[Source "ChessBase"]
[SourceDate "2018.08.24"]
[SourceVersion "1"]
[SourceVersionDate "2018.08.24"]
[SourceQuality "1"]

1. d4 d5 2. c4 e6 3. cxd5 exd5 4. Nc3 c6 5. Nf3 g6 6. e3 Bg7 7. b3 Ne7 8. Be2 0-0 9. 0-0 Nd7 10. Ba3 Re8 11. Rc1 Nf6 12. Qc2 Bf5 13. Bd3 Bxd3 14. Qxd3 Nf5 15. Rfe1 Nd6 16. Re2 Nde4 17. Rec2 Nxc3 18. Rxc3 Ne4 19. R3c2 Bf8 20. Bb2 Bg7 21. a4 Qd7 22. Re2 f5 23. Ne1 Re6 24. f3 Nd6 25. Ba3 Nf7 26. Nc2 Bf8 27. Bxf8 Kxf8 28. Rce1 Nd6 29. Qd2 Rae8 30. Qb4 Kg7 31. Qc3 Qf7 32. Nb4 Nc8 33. Nd3 Nb6 34. Nf4 R6e7 35. g4 fxg4 36. fxg4 Nc8 37. Rf1 Re4 38. Nh5+ gxh5 39. Rxf7+ Kxf7 40. Rf2+ Kg6 41. gxh5+ Kxh5 42. Rf3 Rg8+ 43. Kf2 Nd6 44. Qd3 h6 45. Qf1 Rh4 46. h3 Ne4+ 47. Ke1 Ng3 48. Qg2 Rg5 49. Rxg3 Rxg3 50. Qxg3 1-0

[Event "Regionalliga SW 1718 (Women)"]
[Site "Germany"]
[Date "2017.10.15"]
[Round "1.4"]
[White "Alt, Barbara"]
[Black "Richter Haebich, Dorothea"]
[Result "0-1"]
[WhiteElo "1508"]
[BlackElo "1270"]
[PlyCount "82"]
[EventDate "2017.10.15"]
[EventType "team-tourn"]
[EventRounds "5"]
[EventCountry "GER"]
[SourceTitle "CBM 183 Extra"]
[Source "ChessBase"]
[SourceDate "2018.04.19"]
[SourceVersion "1"]
[SourceVersionDate "2018.04.19"]
[SourceQuality "1"]
[WhiteTeam "Riegelsberg (W)"]
[BlackTeam "Eschborn (W)"]
[WhiteTeamCountry "GER"]
[BlackTeamCountry "GER"]

1. e4 e5 2. Nf3 Nc6 3. Bb5 d6 4. d4 exd4 5. Nxd4 Bd7 6. Nc3 Ne5 7. Bxd7+ Qxd7 8. 0-0 Be7 9. f4 Nc6 10. Be3 0-0-0 11. Qd2 a6 12. Rad1 h5 13. Nd5 Nf6 14. Nxf6 Bxf6 15. Qf2 Kb8 16. Nf3 Bxb2 17. e5 Qe7 18. Bc5 dxc5 19. Rb1 Bd4 20. Nxd4 Rxd4 21. c3 Rd5 22. c4 Rd4 23. Qf3 Na5 24. Qa3 Nxc4 25. Qxa6 b6 26. a4 Nd2 27. a5 Ra4 28. Qb5 Rxa5 29. Qxa5 Nxb1 30. Rxb1 Kb7 31. Qc3 Rd8 32. Qf3+ c6 33. Qxh5 c4 34. Qe2 Qc5+ 35. Kh1 c3 36. h3 Rd2 37. Qf1 c2 38. Ra1 b5 39. Re1 b4 40. Ra1 Qb5 41. Qe1 Qe2 0-1

[Event "GER-chT3 West (Women) 0405"]
[Site "Germany"]
[Date "2005.02.20"]
[Round "4.4"]
[White "Richter Haebich, Dorothea"]
[Black "Beyer, Davina"]
[Result "1-0"]
[WhiteElo "1429"]
[BlackElo "835"]
[PlyCount "75"]
[EventDate "2004.11.07"]
[EventType "team"]
[EventRounds "5"]
[EventCountry "GER"]
[SourceTitle "EXT 2006"]
[Source "ChessBase"]
[SourceDate "2005.11.24"]
[SourceVersion "1"]
[SourceVersionDate "2005.11.24"]
[SourceQuality "1"]
[WhiteTeam "Eschborn (W)"]
[BlackTeam "Essen Borbeck (W)"]
[WhiteTeamCountry "GER"]
[BlackTeamCountry "GER"]

1. d4 d5 2. c4 Nf6 3. Bg5 Nc6 4. Nf3 dxc4 5. Bxf6 exf6 6. e4 Bd6 7. Bxc4 0-0 8. 0-0 Bg4 9. d5 Ne5 10. Be2 Qe7 11. Nc3 a6 12. Nd4 Qd7 13. f3 f5 14. fxg4 fxg4 15. Nf5 Qd8 16. Bxg4 Bc5+ 17. Kh1 Qe8 18. Qe2 b5 19. Bf3 Qd8 20. Nd1 Rb8 21. Nf2 Rb6 22. Nd3 Bd6 23. Nxd6 Qxd6 24. Rac1 a5 25. Nxe5 Qxe5 26. Rc5 Rh6 27. h3 Rg6 28. Rxb5 Qe7 29. Rxa5 Rb6 30. Rb5 g6 31. Rxb6 cxb6 32. e5 b5 33. d6 Qd7 34. Rd1 Re8 35. Rc1 Kg7 36. Bc6 Qd8 37. Bxe8 Qxe8 38. Rc7 1-0